The struggle over land in Africa : (Record no. 23697)
[ view plain ]
| 000 -LEADER | |
|---|---|
| fixed length control field | 01394cam a2200421 a 4500 |
| 001 - CONTROL NUMBER | |
| control field | 16316330 |
| 003 - CONTROL NUMBER IDENTIFIER | |
| control field | OSt |
| 005 - DATE AND TIME OF LATEST TRANSACTION | |
| control field | 20260416075645.0 |
| 008 - FIXED-LENGTH DATA ELEMENTS--GENERAL INFORMATION | |
| fixed length control field | 100706s2010 sa b 001 0 eng |
| 010 ## - LIBRARY OF CONGRESS CONTROL NUMBER | |
| LC control number | 2010475287 |
| 020 ## - INTERNATIONAL STANDARD BOOK NUMBER | |
| International Standard Book Number | 9780796923226 |
| Qualifying information | pbk. |
| 020 ## - INTERNATIONAL STANDARD BOOK NUMBER | |
| International Standard Book Number | 0796923221 |
| Qualifying information | pbk. |
| 020 ## - INTERNATIONAL STANDARD BOOK NUMBER | |
| International Standard Book Number | 9780796923240 |
| Qualifying information | e-book |
| 020 ## - INTERNATIONAL STANDARD BOOK NUMBER | |
| International Standard Book Number | 0796923248 |
| Qualifying information | e-book |
| 035 ## - SYSTEM CONTROL NUMBER | |
| System control number | 16316330 |
| 035 ## - SYSTEM CONTROL NUMBER | |
| System control number | (OCoLC)572939247 |
| 040 ## - CATALOGING SOURCE | |
| Original cataloging agency | Y$R |
| Transcribing agency | Y$R |
| Modifying agency | BTCTA |
| -- | DLC |
| 042 ## - AUTHENTICATION CODE | |
| Authentication code | lccopycat |
| 050 00 - LIBRARY OF CONGRESS CALL NUMBER | |
| Classification number | HD963 |
| Item number | .S78 2010 |
| 082 04 - DEWEY DECIMAL CLASSIFICATION NUMBER | |
| Classification number | 333.0096 |
| Edition number | 22 |
| 245 04 - TITLE STATEMENT | |
| Title | The struggle over land in Africa : |
| Remainder of title | conflicts, politics & change / |
| Statement of responsibility, etc. | edited by Ward Anseeuw & Chris Alden. |
| 260 ## - PUBLICATION, DISTRIBUTION, ETC. | |
| Place of publication, distribution, etc. | Cape Town, South Africa : |
| Name of publisher, distributor, etc. | HSRC Press, |
| Date of publication, distribution, etc. | 2010. |
| 300 ## - PHYSICAL DESCRIPTION | |
| Extent | xii, 289 p. : |
| Other physical details | maps ; |
| Dimensions | 24 cm. |
| 336 ## - CONTENT TYPE | |
| Content type term | text |
| Content type code | txt |
| Source | rdacontent |
| 337 ## - MEDIA TYPE | |
| Media type term | unmediated |
| Media type code | n |
| Source | rdamedia |
| 338 ## - CARRIER TYPE | |
| Carrier type term | volume |
| Carrier type code | nc |
| Source | rdacarrier |
| 504 ## - BIBLIOGRAPHY, ETC. NOTE | |
| Bibliography, etc. note | Includes bibliographical references and index. |
| 650 #0 - SUBJECT ADDED ENTRY--TOPICAL TERM | |
| Topical term or geographic name entry element | Land use |
| Geographic subdivision | Africa. |
| 650 #0 - SUBJECT ADDED ENTRY--TOPICAL TERM | |
| Topical term or geographic name entry element | Land use |
| General subdivision | Government policy |
| Geographic subdivision | Africa. |
| 650 #0 - SUBJECT ADDED ENTRY--TOPICAL TERM | |
| Topical term or geographic name entry element | Land reform |
| Geographic subdivision | Africa. |
| 650 #0 - SUBJECT ADDED ENTRY--TOPICAL TERM | |
| Topical term or geographic name entry element | Land tenure |
| General subdivision | Political aspects |
| Geographic subdivision | Africa. |
| 700 1# - ADDED ENTRY--PERSONAL NAME | |
| Personal name | Anseeuw, Ward, |
| Dates associated with a name | 1974- |
| 700 1# - ADDED ENTRY--PERSONAL NAME | |
| Personal name | Alden, Chris. |
| 906 ## - LOCAL DATA ELEMENT F, LDF (RLIN) | |
| a | 7 |
| b | cbc |
| c | copycat |
| d | 3 |
| e | ncip |
| f | 20 |
| g | y-gencatlg |
| 942 ## - ADDED ENTRY ELEMENTS (KOHA) | |
| Source of classification or shelving scheme | Library of Congress Classification |
| Koha item type | Normal Collection |
| Suppress in OPAC | No |
| Withdrawn status | Lost status | Source of classification or shelving scheme | Damaged status | Not for loan | Home library | Current library | Date acquired | Inventory number | Total Checkouts | Full call number | Barcode | Date last seen | Price effective from | Koha item type |
|---|---|---|---|---|---|---|---|---|---|---|---|---|---|---|
| Library of Congress Classification | International Peace Support Training Centre (IPSTC) | International Peace Support Training Centre (IPSTC) | 16/04/2026 | 1643/2014 | HD963 .S78 2010 | 200116432014 | 16/04/2026 | 16/04/2026 | Normal Collection |